01014cam a2200289u 45000010008000000030004000080050017000120080041000290100017000700200018000870400019001050430012001240500014001360820018001501000039001682450067002072600047002743000024003216500012003456500023003576510044003807000055004249060045004799420042005249520141005669990017007077841416OSt20230920130652.0820922s1929 ii 000 0 eng  a 38036221  a9789391928827 aDLCcCarPdDLC aa-ii---00aJC50b.D5 a351.34bDIK/H1 aDikshitar, V. R. Ramachandra9269610aHindu administrative institutions,/cV R Ramachandra Dikshitar a[Madras]bThe University of Madras,c1929. axxv, 401 p.c23 cm. 0aHindus. 0aPolitical science. 0aIndiaxPolitics and governmentyTo 997.1 aKrishnaswami Aiyangar, Sakkottai,d1871-1947,eed. a0bcbccpremunvduencipf19gy-gencatlg 2ddccBKh351.34iDIK/Hk351.34mDIK/H 00102ddc40708SOCIAL SCIENCEaMESbMEScHISd2023-09-20l0o351.34 DIK/Hp42582r2023-09-20 13:07:33v1125.00w2023-09-20yBKzGL42R2 c42274d42274